| 000 | 01383cad a22002175a 4500 | ||
|---|---|---|---|
| 001 | L142692 | ||
| 008 | 080229s2007 xxkd f s 000 0 eng d | ||
| 035 | _a(Sirsi) u142692 | ||
| 041 | 0 | _aeng | |
| 050 | 0 | 4 | _a332.6324 $2 18 |
| 110 | 2 |
_aAssociation of Residential Letting Agents _93020 |
|
| 245 | 0 | 4 |
_aThe ARLA review and index for residential investment, in association with the ARLA group of buy to let mortgage lenders _bfourth quarter 2007 _h[electronic resource] |
| 260 |
_aWarwick _bARLA _c2007 |
||
| 520 | _aReports data from ARLA's quarterly survey of member letting agents and investor landlords. Covers yields, rents, void periods, types of rental property and regional differences. In this first review, figures for the final quarter of 2007 show a 1.3% fall in the value of rented houses over the previous three months, resulting from house price value falls. The average value of rented flats fell by 1.1% across the country. Achievable rent levels have increased over the previous six months, with 72% of respondents in London and 44% in the rest of the UK reporting that this was the case. | ||
| 521 | 2 | _aAdvanced | |
| 590 | _aKA | ||
| 651 | 4 |
_aUnited Kingdom _y |
|
| 690 | _aPROPERTY-RESIDENTIAL PROPERTY-RESIDENTIAL PROPERTY MARKET | ||
| 856 | 4 | 0 |
_uhttps://www.arla.co.uk/btl/arlaindices_q407.htm _zView the item free of charge at www.arla.co.uk... |
| 942 | _n0 | ||
| 999 |
_c107942 _d107942 |
||